000 00257nam a2200109Ia 4500
008 190216s9999||||xx |||||||||||||| ||und||
100 _aPorwal L S
245 0 _aCapital Budgeting In India
260 _bSulthan Chand&Sons
_c1976
300 _a95p
942 _cBK
999 _c4232
_d4232